000 01260cam a22003377a 4500
003 CHAP
005 20220329135114.0
008 971013s1969 r 00010 d
010 _a31018
011 _a31990
035 _a36102
040 _cCHAP
090 _aFolleto 2341
100 0 0 _aLizano Fait, Eduardo.
_967212
245 1 3 _aLa organización institucional de la agricultura nacional
260 _aCd. Universitaria Rodrigo Facio, C. R. :
_bInstituto de Investigaciones Económicas,
_c1969
300 _a80 p.
490 0 _aPublicaciones de la Universidad de Costa Rica. Serie economía y estadística
_v; 28
590 _aBATCH-UPD
_b10
_c20130110
_lUCH01
_h0211
590 _aBATCH-UPD
_b10
_c20130110
_lUCH01
_h2129
590 _aBATCH-UPD
_b10
_c20130409
_lUCH01
_h2227
590 _aBATCH-UPD
_b10
_c20130410
_lUCH01
_h1439
590 _aBATCH-UPD
_b10
_c20130913
_lUCH01
_h2158
590 _aCONVERSION
_b10
_c20130109
_lUCH01
_h1318
650 1 4 _aAgricultura y Estado
_xCosta Rica.
_92044
650 1 4 _aPolítica agrícola
_xCosta Rica.
_990309
830 0 _aPublicaciones de la Universidad de Costa Rica. Serie economía y estadística
_v; 28
_992687
901 _aBK
942 _cFOLL
949 _aFolleto 2341
_bBC
_cFOLL
_d-83253
_eTS1
_i36102
_mD
_si
999 _c31018
_d31018